| 000 | 00554nam a22001817a 4500 | ||
|---|---|---|---|
| 003 | OSt | ||
| 005 | 20130930105217.0 | ||
| 008 | 130611s1999 sp ||||| |||| 00| 0 cat d | ||
| 040 | _cCDMR | ||
| 110 | 2 |
_93751 _aCarrer Gran (Revista) |
|
| 245 | 1 | 0 |
_aCarrer Gran _b: 20 anys més tard... |
| 246 |
_aCarrer Gran _b: Revista quinzenal independent del barri de Gràcia |
||
| 260 |
_aBarcelona _bCarrer Gran _c1999 |
||
| 300 | _a26 p. | ||
| 500 | _aEdició conmemorativa 20è aniversari, maig 1999 | ||
| 610 | 2 |
_93751 _aCarrer Gran (Revista) |
|
| 942 |
_2udc _cFULLET |
||
| 999 |
_c6447 _d6447 |
||